00302nam a22001097a 4500020002200000082001500022100001800037245005000055260004600105300000800151650003300159 a978-93-5029-789-6 a954.04 JAL aJalal, Ayesha aThe Pity of Partition: Manto's Life, Times... aNoida, UPbHarperCollins Publishersc2013 a264 aPartition of India, Violence